|
|
|
|
| LEADER |
00000nab a2200000 ar4500 |
| 001 |
vtls009003312 |
| 003 |
SK-MaSNL |
| 005 |
20260422095709.0 |
| 008 |
070630c1976 xo zr|||||||||000 b|slo |
| 015 |
|
|
|a SNBRB2007/06
|2 snkbucl
|
| 038 |
|
|
|a SNKBUCL
|
| 040 |
|
|
|a SNKBUCL
|b slo
|c SNKBUCL
|e AACR2
|
| 041 |
0 |
|
|a slo
|
| 044 |
|
|
|a xo
|c SK
|
| 080 |
|
|
|a 78.085.2.093.1
|x (4)
|2 2001
|
| 100 |
|
|
|a Čurkova, Júlia Michajlovna
|4 aut
|9 1065757
|
| 245 |
1 |
0 |
|a Festival tanca a priateľstva
|b (o postavení spoločenského tanca v ZSSR a hodnotenie festivalu v Ústí n. Labe)
|c Michajlovna Júlia Čurkova
|
| 300 |
|
|
|b Obr.
|
| 650 |
0 |
7 |
|a spoločenské tance
|2 snkbucl
|9 29452
|
| 650 |
0 |
7 |
|a medzinárodné súťaže
|2 snkbucl
|9 71259
|
| 651 |
|
7 |
|a Ústí nad Labem (Česko)
|2 snkbucl
|9 83795
|
| 773 |
0 |
|
|t Rytmus
|g Roč. 27, č. 2 (1976), s. 32 a s 3 na kuléri
|
| 852 |
|
|
|a SNK
|b KIS3GCP
|
| 999 |
|
|
|c 1751660
|d 1753590
|